Between colonialism and diaspora : Sikh cultural formations in an imperial world : book review /

Bewaard in:
Bibliografische gegevens
Hoofdauteur: Metcalf, Thomas R.
Formaat: Artikel
Taal:English
Onderwerpen:
Tags: Voeg label toe
Geen labels, Wees de eerste die dit record labelt!
Thư viện lưu trữ: Thư viện Trường Đại học Đà Lạt
LEADER 00809nam a2200265 4500
001 DLU090070004
005 ##20090521
040 # # |a DLU  |b eng 
041 # # |a eng 
044 # # |a US 
100 # # |a Metcalf, Thomas R.  
245 # # |a Between colonialism and diaspora : Sikh cultural formations in an imperial world :  |b book review /  |c Thomas R. Metcalf. 
653 # # |a Ballantyne, Tony, 1972- 
653 # # |a Historiography 
653 # # |a Sikhism 
773 # # |t Journal of World History  |g Vol. 18, no. 4 (December 2007), p. 535-538 
920 # # |a Phòng Tạp chí -- Trung tâm Thông tin - Thư viện Trường Đại học Đà Lạt 
994 # # |a DLU 
900 # # |a True 
911 # # |a Trương Bảo Trâm Anh 
925 # # |a G 
926 # # |a A 
927 # # |a BB 
980 # # |a Thư viện Trường Đại học Đà Lạt